000
00226nam a2200121Ia 4500
100
_a
#N/A
650
_a
Computer/ IT
942
_c
BK
654
_a
smart
245
_a
Smart office Tools
260
_b
#N/A
546
_a
ENGLISH
999
_c
32809
_d
32809